Perspektivy dalšího rozšiřování EU Pražské vystoupení člena Evropské komise

Prednáška H. van den Broeka v Prahe o perspektívach ďalšieho rozširovania Európskej únie. Vzťah EÚ a pridružených krajín. Česká republika a EÚ. Nové úlohy PHARE. Biela kniha - predvstupná stratégia pre krajiny vstupujúce do EÚ. Potreba prispôsobenia sa EÚ novým podmienkam. Vstup do EÚ a NATO. Bezpeč...

Descrizione completa

Salvato in:
Dettagli Bibliografici
Autore principale: Broek, H.van den
Natura: Capitolo di libro
Lingua:ceco
Soggetti:
Tags: Aggiungi Tag
Nessun Tag, puoi essere il primo ad aggiungerne!!

MARC

LEADER 00000naa a2200000 4500
001 r017712
005 20221208130757.4
041 0 |a cze 
044 |a CZ 
245 1 0 |a Perspektivy dalšího rozšiřování EU  |b Pražské vystoupení člena Evropské komise  |c H.van den Broek 
520 |a Prednáška H. van den Broeka v Prahe o perspektívach ďalšieho rozširovania Európskej únie. Vzťah EÚ a pridružených krajín. Česká republika a EÚ. Nové úlohy PHARE. Biela kniha - predvstupná stratégia pre krajiny vstupujúce do EÚ. Potreba prispôsobenia sa EÚ novým podmienkam. Vstup do EÚ a NATO. Bezpečnosť v Európe. 
610 2 0 |a Európska únia 
610 2 0 |a PHARE 
610 2 0 |a stredná Európa 
610 2 0 |a východná Európa 
610 2 0 |a Česko 
610 2 0 |a bezpečnosť európska 
610 2 0 |a Biela kniha 
100 1 |a Broek, H.van den